Les dictons de mai - Statistiques

Statistiques générales
  • Ce quiz a été pris 34 fois
  • Le résultat moyen est 23 sur 30
Statistiques - réponses
Indice Dicton % Correct
3 PH*L*PPE Pluie de la St {Philippe}, point de noix au noyer
97%
1 J*R*M** De la pluie à St {Jérémie} ôte au fourrage sa qualité
90%
6 J**N S'il pleut à la petite St {Jean} les blés s'en vont en dépérissant
90%
4 S*LV**N St {Sylvain} mai fait ou défait
90%
5 J*D*TH Temps de Ste {Judith} dure jusqu'au 18.
90%
21 C*NST*NT*N A la St {Constantin}, compte tes sous dans tes mains
86%
7 G*S*L* A la Ste {Gisèle} prend garde au gel
86%
29 G*R*RD A la St {Gérard} la récolte est encore au hasard
86%
20 B*RN*RD*N S'il pleut à la St {Bernardin}, tu peux dire adieu à ton vin.
86%
30 F*RD*N*ND Temps de St {Ferdinand}, chaleur et soleil riant
86%
17 P*SC*L Tonnerre de St {Pascal} sans grêle, ce n'est pas un mal
86%
12 *CH*LL* A la St {Achille}, herbe à pleine faucille
83%
10 *NT*N*N A la St {Antonin} pointe le mois de juin
83%
8 D*S*R* A la St {Désiré} arrache toute l'ivraie
83%
2 B*R*S St {Boris} par malheur est mauvais vendangeur
83%
16 H*N*R* A la mi-mai, queue de l'hiver, St {Honoré} que de pois verts
79%
23 D*D**R A la St {Didier} soleil orgueilleux nous annonce un été joyeux
79%
15 D*N*S* A la Ste {Denise} s'arrête la bise
79%
28 G*RM**N Soleil de St {Germain} nous promet du bon vin
79%
9 P*C*M* À la St {Pacôme}le basilic enivre de mille arômes
76%
18 *R*C Soleil à la St {Eric} promet du vin plein les barriques
76%
14 M*TTH**S St {Matthias} casse la glace, mais s'il n'en trouve pas il faut bien qu'il en fasse.
76%
24 *NG*L* Après Ste {Angèle}, le jardinier ne craint plus le gel
72%
26 B*R*NG*R* Soleil à la Ste {Bérangère}, présage d'un bel été et hiver
72%
22 *M*L** Beau temps de Ste {Emilie} donne du fruit à la folie
62%
19 *V*S A la Ste {Yves}, le beau temps arrive
52%
25 *RB**N Le soleil de St {Urbain} annonce une année de grand bien
52%
11 M*M*RT Attention à {Mamert} premier des saints de glace, souvent tu en gardes la trace
41%
13 S*RV**S Avant St {Servais}, point d'été, après, plus de gelée
41%
27 H*LD*V*RT A la St {Hildevert} est mort tout arbre qui n'est point vert
38%
Aucun quiz correspondant
Distribution des résultats
% des personnes avec chaque résultat
Percentile par nombre de réponses
Votre historique - résultats
Vous n’avez pas pris ce quiz